Statistics for NHL Most Assists in a Single Season

Click here to take the quiz!

General Stats

  • This quiz has been taken 215 times
  • The average score is 25 of 30

Answer Stats

No. of AssistsYearPlayer% Correct
1631985-86Wayne Gretzky
99%
1141988-89Wayne Gretzky
99%
1351984-85Wayne Gretzky
99%
901991-92Wayne Gretzky
99%
1091987-88Wayne Gretzky
99%
1091980-81Wayne Gretzky
99%
1021989-90Wayne Gretzky
99%
1181983-84Wayne Gretzky
99%
1201981-82Wayne Gretzky
99%
1211986-87Wayne Gretzky
99%
1221990-91Wayne Gretzky
99%
1251982-83Wayne Gretzky
99%
921993-94Wayne Gretzky
99%
1141988-89Mario Lemieux
97%
911992-93Mario Lemieux
97%
981987-88Mario Lemieux
97%
931985-86Mario Lemieux
97%
921995-96Mario Lemieux
97%
1021970-71Bobby Orr
80%
901973-74Bobby Orr
80%
901988-89Steve Yzerman
73%
901985-86Paul Coffey
71%
962005-06Joe Thornton
69%
922006-07Joe Thornton
69%
971992-93Adam Oates
65%
901990-91Adam Oates
65%
921995-96Ron Francis
56%
951992-93Doug Gilmour
44%
951992-93Pat Lafontaine
44%
931981-82Peter Stastny
34%

Score Distribution

Percentile by Number Answered

Percent of People with Each Score

Your Score History

You have not taken this quiz